Movies Quiz

Random Movies or Celebrity Quiz
Score 0/55 Timer 15:00
0 Plays Today
% Correct
Meryl Streep
91.2%
Cate Blanchett
87.3%
Judi Dench
86.3%
Jennifer Connelly
86.3%
Anne Hathaway
86.3%
Patty Duke
85.3%
Anjelica Huston
85.3%
Whoopi Goldberg
82.4%
Lupita Nyong'o
80.8%
Marisa Tomei
80.4%
Catherine Zeta-Jones
80.4%
Linda Hunt
75.5%
Jennifer Hudson
70.6%
Estelle Parsons
69.6%
Olympia Dukakis
69.6%
Vanessa Redgrave
65.7%
Penélope Cruz
59.8%
Marcia Gay Harden
58.8%
Octavia Spencer
56.9%
Tatum O'Neal
54.9%
Rita Moreno
54.9%
Brenda Fricker
53.9%
Anna Paquin
50%
Melissa Leo
50%
Renée Zellweger
50%
Maureen Stapleton
49%
Ruth Gordon
47.1%
Kim Basinger
46.1%
% Correct
Ingrid Bergman
45.1%
Angelina Jolie
44.1%
Juliette Binoche
43.1%
Mo'Nique
43.1%
Patricia Arquette
42.9%
Rachel Weisz
42.2%
Sandy Dennis
41.2%
Margaret Rutherford
40.2%
Beatrice Straight
40.2%
Jessica Lange
39.2%
Dianne Wiest
39.2%
Cloris Leachman
38.2%
Dianne Wiest
38.2%
Lila Kedrova
36.3%
Geena Davis
36.3%
Goldie Hawn
35.3%
Mercedes Ruehl
35.3%
Tilda Swinton
35.3%
Shirley Jones
34.3%
Maggie Smith
32.4%
Mary Steenburgen
31.4%
Peggy Ashcroft
31.4%
Lee Grant
30.4%
Helen Hayes
29.4%
Eileen Heckart
27.5%
Mira Sorvino
27.5%
Shelley Winters
22.5%
Remove Ads.
Support Sporcle.
Get the best of Sporcle when you Go Orange. This ad-free experience offers more features, more stats, and more fun while also helping to support Sporcle. Thank you for becoming a member.

You're not logged in!

Compare scores with friends on all Sporcle quizzes.
OR
Log In

Show Comments

Extras

Top Quizzes Today


Score Distribution

Your Account Isn't Verified!

In order to create a playlist on Sporcle, you need to verify the email address you used during registration. Go to your Sporcle Settings to finish the process.

Report this User

Report this user for behavior that violates our Community Guidelines.

Details: